| 000 | 00000nam 2200000za 4500 |
| 001 | 9.816858 |
| 003 | CaOODSP |
| 005 | 20250403105750 |
| 007 | cr ||||||||||| |
| 008 | 160504s1998 onc |o f|0| 0 fre d |
| 020 | |z0-660-95717-7 |
| 040 | |aCaOODSP|bfre |
| 043 | |an-cn--- |
| 086 | 1 |aCS89-554/1998F-PDF |
| 245 | 00|aEnquête sur les besoins des anciens combattants en matière de soins |h[ressource électronique] : |brésultats de l'enquête, août 1997 / |cpublication autorisée par le ministre responsable de Statistique Canada. |
| 260 | |aOttawa : |bStatistique Canada, |c1998. |
| 300 | |a[72] p. : |btableaux. |
| 500 | |aPubli. aussi en anglais sous le titre : Veterans' care needs survey: report on findings, August 1997. |
| 500 | |aÉdition numérisée de l'imprimé [par Statistique Canada]. |
| 500 | |a« Février 1998. » |
| 692 | 07|2gccst|aAncien combattant |
| 710 | 2 |aStatistique Canada. |
| 775 | 08|tVeterans' care needs survey |w(CaOODSP)9.816857 |
| 856 | 40|qPDF|s2.33 Mo|uhttps://publications.gc.ca/collections/collection_2016/statcan/CS89-554-1998-fra.pdf |